000 00491nam a2200169 a 4500
001 BRCA_1387
005 20190320203414.0
008 820504s1967 mx-a---###---#000-0#spa-#
050 4 _aPQ7297.V3
_b.S68 1967
100 1 _aSotomayor, Arturo
_94536
245 1 0 _aDon Artemio
_cArturo Sotomayor.
260 _aMéxico
_bUNAM
_c1967
300 _axxviii, 205 p.
_bil.
_c20 cm.
440 0 _aBiblioteca del estudiante
_n87
_94537
600 1 4 _aValle-Arizpe, Artemio de
_d1888-?
_94538
942 _2lcc
_cB
999 _c1249
_d1249